On This Day: August 30th II Quiz Stats

 Plays Quiz Updated Aug 30, 2018

Score 0/7 Timer 03:00
0 Plays Today
Question Answer Wrong Answers
This chairman and CEO of Berkshire Hathaway, often considered one of the most successful investors in the world, is born.
1930
Warren Buffett
89.3%
Jeff Bezos
3.3%
Carlos Slim
2.3%
Richard Branson
4.9%
This film, which is based on a memoir by Solomon Northup, premieres at the Telluride Film Festival, eventually winning an Oscar for Best Picture.
2013
12 Years a Slave
82.3%
Django Unchained
5.7%
The Butler
6.1%
Amistad
4.5%
This Asian territory, at the time a colony of the British Empire, is liberated from Japan by British Armed Forces.
1945
Hong Kong
78.5%
Macau
6.6%
Tibet
5.1%
Manchuria
9.3%
President Benjamin Harrison signs the first US law requiring inspection of ______ products.
1890
Meat
70%
Tobacco
9%
Pharmaceutical
16.4%
Electric
4.5%
This Space Shuttle, which has made more space flights than any other spacecraft to date, takes off on its maiden voyage.
1984
Discovery
58.5%
Enterprise
11.1%
Apollo
10.2%
Voyager
19.4%
This city, the second most populous in Oceania and considered by some to be Australia's ‘cultural capital’, is founded.
1835
Melbourne
40.2%
Sydney
54.4%
Perth
2.4%
Canberra
3%
This country with coastline along the Caspian Sea declares their independence from the Soviet Union.
1991
Azerbaijan
37.8%
Kyrgyzstan
16.1%
Kazakhstan
30.9%
Moldova
14.2%

You're not logged in!

Compare scores with friends on all Sporcle quizzes.
OR
Log In

Sporcle TV

Today on Sporcle TV


Watch our educational content, quiz creation guides, and fun videos on Sporcle TV.

Show Comments

Extras

Top Quizzes Today


Score Distribution

Your Account Isn't Verified!

In order to create a playlist on Sporcle, you need to verify the email address you used during registration. Go to your Sporcle Settings to finish the process.

Report this User

Report this user for behavior that violates our Community Guidelines.

Details: